000 00490cam a22001697a 4500
008 180718b2008 xxu||||| |||| 00| 0 eng d
020 _a9788190398152
082 _aBA27x54 G341s
100 _aGhatage, B.S.
245 _aSocial work with outcaste people in India
_cby B.S. Ghatage
260 _aJaipur
_bShruti
_c2008
300 _a281p.
650 _aScheduled castes and scheduled tribes - India.
650 _aEquality --India
650 _aSocial justice
650 _aCaste --India
999 _c408096
_d408096